Detalles MARC
| 000 -LEADER |
| campo de control de longitud fija |
01455cam a22004334i 4500 |
| 003 - IDENTIFICADOR DE NÚMERO DE CONTROL |
| campo de control |
PE-LiUPU |
| 005 - FECHA Y HORA DE LA ÚLTIMA TRANSACCIÓN |
| campo de control |
20250731183347.0 |
| 008 - DATOS DE LONGITUD FIJA--INFORMACIÓN GENERAL |
| campo de control de longitud fija |
140322s2008 gw 000 0 ger d |
| 020 ## - NÚMERO INTERNACIONAL ESTÁNDAR DEL LIBRO |
| Número Internacional Estándar del Libro |
3938666315 |
| 020 ## - NÚMERO INTERNACIONAL ESTÁNDAR DEL LIBRO |
| Número Internacional Estándar del Libro |
9783938666319 |
| 029 1# - OTRO NÚMERO DE CONTROL DE SISTEMA (OCLC) |
| Identificador de la biblioteca OCLC |
DKDLA |
| Número de control de sistema |
830080-katalog:000283806 |
| 035 ## - NÚMERO DE CONTROL DEL SISTEMA |
| Número de control de sistema |
(Sirsi) i9783938666319 |
| 040 ## - FUENTE DE CATALOGACIÓN |
| Centro catalogador/agencia de origen |
DKDLA |
| Lengua de catalogación |
spa |
| Centro/agencia transcriptor |
DKDLA |
| Centro/agencia modificador |
PE-LiUPU |
| 041 1# - CÓDIGO DE IDIOMA |
| Código de lengua del texto/banda sonora o título independiente |
ger |
| Código de lengua original |
ger |
| Código de lengua del texto/banda sonora o título independiente |
eng |
| 049 ## - FONDOS LOCALES (OCLC) |
| Biblioteca depositaria |
PRUA |
| 082 #4 - NÚMERO DE LA CLASIFICACIÓN DECIMAL DEWEY |
| Número de clasificación |
729.240944 |
| Cutter |
F8 |
| Número de edición |
20 |
| 100 ## - ENTRADA PRINCIPAL--NOMBRE DE PERSONA |
| 9 (RLIN) |
290 |
| Nombre de persona |
Dörries, Cornelia. |
| Término indicativo de función/relación |
autor |
| 245 00 - MENCIÓN DEL TÍTULO |
| Título |
Französische Interieurs : |
| Resto del título |
French interiors / |
| Mención de responsabilidad, etc. |
Cornelia Dörries. |
| 264 ## - PRODUCCIÓN, PUBLICACIÓN, DISTRIBUCIÓN, FABRICACIÓN Y COPYRIGHT |
| Producción, publicación, distribución, fabricación y copyright |
Berlin : |
| Nombre del de productor, editor, distribuidor, fabricante |
DOM Publisher, |
| Fecha de producción, publicación, distribución, fabricación o copyright |
2008. |
| 300 ## - DESCRIPCIÓN FÍSICA |
| Extensión |
221 páginas : |
| Otras características físicas |
überw. Ill., graph. Darst. ; |
| Dimensiones |
28 centímetros. |
| 336 ## - TIPO DE CONTENIDO |
| Fuente |
rdacontent |
| 337 ## - TIPO DE MEDIO |
| Fuente |
rdamedia |
| 338 ## - TIPO DE SOPORTE |
| Fuente |
rdacarrier |
| 500 ## - NOTA GENERAL |
| Nota general |
Inglés paralelo y texto alemán |
| 505 2# - NOTA DE CONTENIDO CON FORMATO |
| Nota de contenido con formato |
Arts and culture -- Offices and studios -- Shop and boutiques -- Entertainment. |
| 526 ## - NOTA DE INFORMACIÓN SOBRE EL PROGRAMA DE ESTUDIO |
| Nombre del programa |
Maestría Bim Facility Management (A distancia) |
| 526 ## - NOTA DE INFORMACIÓN SOBRE EL PROGRAMA DE ESTUDIO |
| Nombre del programa |
|
| 526 ## - NOTA DE INFORMACIÓN SOBRE EL PROGRAMA DE ESTUDIO |
| Nombre del programa |
Educación musical y artes |
| 526 ## - NOTA DE INFORMACIÓN SOBRE EL PROGRAMA DE ESTUDIO |
| Nombre del programa |
Educación, especialidad educación física |
| 526 ## - NOTA DE INFORMACIÓN SOBRE EL PROGRAMA DE ESTUDIO |
| Nombre del programa |
Arquitectura |
| 650 #4 - PUNTO DE ACCESO ADICIONAL DE MATERIA--TÉRMINO DE MATERIA |
| Término de materia o nombre geográfico como elemento de entrada |
decoración |
| 650 #4 - PUNTO DE ACCESO ADICIONAL DE MATERIA--TÉRMINO DE MATERIA |
| Término de materia o nombre geográfico como elemento de entrada |
interiores |
| 651 #4 - PUNTO DE ACCESO ADICIONAL DE MATERIA--NOMBRE GEOGRÁFICO |
| Nombre geográfico |
Francia |
| 700 1# - ENTRADA AGREGADA--NOMBRE PERSONAL |
| Nombre de persona |
Dörries, Cornelia, |
| Término indicativo de función/relación |
traductor. |
| 942 ## - ELEMENTOS DE ENTRADA SECUNDARIOS (KOHA) |
| Fuente del sistema de clasificación o colocación |
Clasificación Decimal Dewey |
| Tipo de ítem Koha |
|
| 949 ## - PROCESAMIENTO DE INFORMACIÓN LOCAL (OCLC) |
| a |
729.240944 F8 |
| w |
DEWEY |
| c |
1 |
| i |
73933 |
| l |
CCODEBUL1 |
| m |
BUL |
| p |
15.79 |
| r |
0 |
| s |
Y |
| t |
BOOK |
| u |
2016-06-22 |
| x |
INGENIERIA |
| 0 |
COMPRA |
| o |
.STAFF. Colección General |
| 980 ## - EQUIVALENCIA O REFERENCIA-CRUZADA-MENCIÓN DE SERIE--NOMBRE DE PERSONA/TÍTULO [LOCAL, CANADÁ] |
| ID del último usuario que modificó el registro |
1 |
| Nombre del último usuario que modificó el registro |
ALBERTO SANCHEZ Responsable de Automatización |